| 000 | 00656nam a22002417a 4500 | ||
|---|---|---|---|
| 001 | 14445 | ||
| 003 | BD-JhCC | ||
| 005 | 20251118104734.0 | ||
| 008 | 251118b |||||||| |||| 00| 0 eng d | ||
| 020 | _a9780141398457 | ||
| 035 | _a(BD-JhCC) 14445 | ||
| 040 |
_aBD-JhCC _dBD-JhCC |
||
| 041 | _aeng | ||
| 082 |
_223 _a895.6101 _bBAS |
||
| 100 | _aBashō, Matsuo | ||
| 245 |
_a Lips too chilled / _cMatsuo Bashō |
||
| 260 |
_a London, _bPenguin Classics, _c 2015 |
||
| 300 |
_a55p.; _c17 cm. _ePaper |
||
| 490 |
_aPenguin Little black classics, _vN,62 |
||
| 650 | _a Matsuo, Bashō | ||
| 650 | _a1644-1694 Translations into English | ||
| 942 |
_2ddc _cBK |
||
| 999 |
_c14445 _d14445 |
||